Wszystkie piosenki KNŻ - Statystyki

Ogólne statystyki
  • Ten quiz został rozwiązany 9 razy
  • Średni wynik to 15 z 71
Statystyki odpowiedzi
Płyty Piosenki % Poprawnych
Na żywo, ale w studio Celina
75%
Las Maquinas de la Muerte Andrzej Gołota
63%
Na żywo, ale w studio Biały Gibson
63%
Bar La Curva / Plamy na słońcu Plamy na słońcu
63%
Bar La Curva / Plamy na słońcu Bar La Curva
50%
Porozumienie ponad podziałami Dziewczyny
50%
Las Maquinas de la Muerte Las Maquinas de la Muerte
50%
Na żywo, ale w studio Spalam się
50%
Porozumienie ponad podziałami Tata dilera/Hardzone
50%
Porozumienie ponad podziałami Tata dilera/Hardzone" (dyferencjalna wersja)
50%
Na żywo, ale w studio 100 000 000
38%
Na żywo, ale w studio Kalifornia ponad wszystko
38%
Porozumienie ponad podziałami Konsument
38%
Las Maquinas de la Muerte Legenda ludowa
38%
Porozumienie ponad podziałami Nie zrobimy wam nic złego, tylko dajcie nam jego
38%
Na żywo, ale w studio Spalaj się!
38%
Na żywo, ale w studio 300 000 000
25%
Bar La Curva / Plamy na słońcu Hanna Gronkowiec walczy
25%
Las Maquinas de la Muerte Los societas de las poetas violentas
25%
Las Maquinas de la Muerte Łysy jedzie do Moskwy
25%
Las Maquinas de la Muerte Mój dom to moja twierdza
25%
Na żywo, ale w studio Nie ma litości
25%
Porozumienie ponad podziałami Nitro
25%
Las Maquinas de la Muerte No speaking inglese
25%
Na żywo, ale w studio Odpad atomowy
25%
Las Maquinas de la Muerte Pierdolę Pera
25%
Na żywo, ale w studio Piosenka trepa
25%
Porozumienie ponad podziałami Przy słowie
25%
Porozumienie ponad podziałami Tańce wojenne
25%
Las Maquinas de la Muerte W południe
25%
Na żywo, ale w studio Artyści
13%
Las Maquinas de la Muerte Brazylia
13%
Porozumienie ponad podziałami Co się z tobą stanie gdy ci ufać przestanę
13%
Las Maquinas de la Muerte DJ Kiler
13%
Las Maquinas de la Muerte Gadka Wojciecha
13%
Las Maquinas de la Muerte Ich bin dobry cattolico
13%
Las Maquinas de la Muerte Końskie ścięgna
13%
Porozumienie ponad podziałami Mądrość tego świata
13%
Las Maquinas de la Muerte Makabra
13%
Na żywo, ale w studio Mama prosiła
13%
Porozumienie ponad podziałami Odrzuć to!
13%
Porozumienie ponad podziałami Ojczyzna
13%
Las Maquinas de la Muerte Pele miał blahola
13%
Las Maquinas de la Muerte Pisanie listów
13%
Las Maquinas de la Muerte Pozory często mylą
13%
Las Maquinas de la Muerte Prawda
13%
Na żywo, ale w studio Raz pierwszy
13%
Porozumienie ponad podziałami Stałem się sprawcą zgonu taty z powodu mej dumy z brata
13%
Na żywo, ale w studio Świadomość
13%
Bar La Curva / Plamy na słońcu Szybciej!
13%
Na żywo, ale w studio Tak się robi historię
13%
Porozumienie ponad podziałami Tha luv
13%
Las Maquinas de la Muerte T.R.W.A.
13%
Porozumienie ponad podziałami Wierszyk z daleka
13%
Las Maquinas de la Muerte Wszyscy artyści to psie krwie
13%
Bar La Curva / Plamy na słońcu Ballada o Janku Wiśniewskim
0%
Bar La Curva / Plamy na słońcu Czemu, ah czemu?
0%
Na żywo, ale w studio I ty zostaniesz Indianinem
0%
Bar La Curva / Plamy na słońcu Jak zło się rodzi?
0%
Las Maquinas de la Muerte Jerzy eine sztuczna kobieta gekonstruliert
0%
Las Maquinas de la Muerte Jeśli kochasz więcej to boisz się mniej
0%
Las Maquinas de la Muerte Kobieta
0%
Las Maquinas de la Muerte Las Machinas de la Muerte (vocoderwersja)
0%
Bar La Curva / Plamy na słońcu Marzenia swoje miej
0%
Bar La Curva / Plamy na słońcu Mój synku
0%
Bar La Curva / Plamy na słońcu Nie ma boga
0%
Bar La Curva / Plamy na słońcu Nikomu nie cofam poparcia
0%
Na żywo, ale w studio Pieśń solidarności bluesmanów / wspomnienie sekretarki
0%
Bar La Curva / Plamy na słońcu Polska jest ważna
0%
Bar La Curva / Plamy na słońcu Przecięty na pół
0%
Bar La Curva / Plamy na słońcu Skończyłem się
0%
Nie znaleziono quizów pasujących do podanych kryteriów
Rozkład punktacji
Procent ludzi z każdym wynikiem
Percentyl według liczby udzielonych odpowiedzi
Twoja historia wyników
Nie rozwiązałeś tego quizu